| 000 | 01085nam0a22003131 4500 | ||
|---|---|---|---|
| 001 | RU\NLR\BIBL_A\022277032 | ||
| 005 | 20250625182858.0 | ||
| 035 | _a(NLR Aleph) 022277032 | ||
| 090 |
_a12376819 _c12376819 |
||
| 100 | _a20240712d1894 |||y0rusy50 ca | ||
| 101 | 0 | _ager | |
| 102 | _aRU | ||
| 105 | _ay z |||a| | ||
| 181 | 0 |
_ai _baxxe |
|
| 182 | 0 | _an | |
| 200 | 1 | _aGedichte | |
| 203 |
_aТекст _bвизуальный _cнепосредственный |
||
| 210 |
_aReval _c[s.n.] _d1894 |
||
| 316 |
_aЭкз. РНБ (6.37.4.25): Из Отделения "Библиотека всемирной литературы" _5NLR: 6.37.4.25 |
||
| 700 | 1 |
_aSchmid _bH. von _f1864-1921 _gHedda von |
|
| 801 | 0 |
_aRU _bNLR |
|
| 801 | 1 |
_aRU _bNLR _2rusmarc |
|
| 830 | _aЭкз. "Всемирной лит." описан по карточке каталога Отделения "Б-ка всемирной лит." | ||
| 852 |
_aNLR _j6.37.4.25 |
||
| 942 | _cBOOK | ||
| 980 | _aNB | ||
| 980 | _aWL | ||